[Event "Zuerich op-B 40th"]
[Site "Zuerich"]
[Date "2016.12.29"]
[Round "6"]
[White "Andolfatto, Maria"]
[Black "Torricelli, Arnold"]
[Result "1-0"]
[WhiteElo "1825"]
[BlackElo "1897"]
[PlyCount "49"]
[EventDate "2016.12.26"]
[EventType "swiss"]
[EventRounds "7"]
[EventCountry "SUI"]
[SourceTitle "EXT 2019"]
[Source "ChessBase"]
[SourceDate "2018.10.10"]
[SourceVersion "1"]
[SourceVersionDate "2018.10.10"]
[SourceQuality "1"]

1. Nf3 g6 2. c4 Bg7 3. g3 c5 4. Bg2 Nf6 5. 0-0 Nc6 6. Nc3 d5 7. cxd5 Nxd5 8. d3 Nxc3 9. bxc3 Bxc3 10. Rb1 Bg7 11. Be3 Nd4 12. Nxd4 cxd4 13. Bd2 Qd7 14. Qc2 0-0 15. Rfc1 Be5 16. Ba5 Qe6 17. Qb3 Qxb3 18. Rxb3 Rb8 19. Bc7 Bxc7 20. Rxc7 e5 21. Bxb7 Be6 22. Ra3 Bh3 23. Rxa7 Rfe8 24. f3 Re6 25. Rc8+ 1-0

[Event "Zuerich op-B 39th"]
[Site "Zuerich"]
[Date "2015.12.28"]
[Round "4"]
[White "Fischer, Daniel"]
[Black "Torricelli, Arnold"]
[Result "0-1"]
[WhiteElo "1846"]
[BlackElo "1914"]
[PlyCount "66"]
[EventDate "2015.12.26"]
[EventType "swiss"]
[EventRounds "7"]
[EventCountry "SUI"]
[SourceTitle "CBM 170 Extra"]
[Source "ChessBase"]
[SourceDate "2016.02.25"]
[SourceVersion "1"]
[SourceVersionDate "2016.02.25"]
[SourceQuality "1"]

1. e4 g6 2. d4 d6 3. Nc3 Bg7 4. f3 Nf6 5. Be3 c6 6. Qd2 Nbd7 7. 0-0-0 Qa5 8. Kb1 b5 9. d5 b4 10. dxc6 bxc3 11. cxd7+ Nxd7 12. Qd5 Qb4 13. Qb3 Qxb3 14. axb3 0-0 15. Bd4 cxb2 16. Kxb2 Ne5 17. Ne2 Bb7 18. Nc3 Bc6 19. Bb5 a6 20. Bxc6 Nxc6 21. Bxg7 Kxg7 22. Ra1 Rfb8 23. Ra4 Rb4 24. Rha1 Rxa4 25. Rxa4 a5 26. Nd5 Ra7 27. Kc3 e6 28. Ne3 Kf6 29. Kc4 Rb7 30. c3 Ne5+ 31. Kd4 Rxb3 32. Ra2 Ke7 33. Nc4 Nc6+ 0-1

[Event "Zuerich op-B 36th"]
[Site "Zuerich"]
[Date "2012.12.28"]
[Round "4"]
[White "Maeder, Christian"]
[Black "Torricelli, Arnold"]
[Result "1-0"]
[WhiteElo "1983"]
[BlackElo "1847"]
[PlyCount "105"]
[EventDate "2012.12.26"]
[EventType "swiss"]
[EventRounds "7"]
[EventCountry "SUI"]
[SourceTitle "EXT 2019"]
[Source "ChessBase"]
[SourceDate "2018.10.10"]
[SourceVersion "1"]
[SourceVersionDate "2018.10.10"]
[SourceQuality "1"]

1. c4 g6 2. g3 Bg7 3. Bg2 Nf6 4. Nc3 0-0 5. Nf3 d5 6. cxd5 Nxd5 7. 0-0 c6 8. e4 Nb6 9. d4 Bg4 10. Ne2 Qc8 11. Bg5 Re8 12. Qb3 Bxf3 13. Bxf3 e5 14. Rfd1 exd4 15. Nxd4 N8d7 16. Rac1 Ne5 17. Bg2 Qg4 18. f4 h6 19. h3 Qc8 20. Bh4 c5 21. Nb5 c4 22. Qe3 Qc6 23. Nd4 Qc5 24. g4 Nc6 25. e5 Nxe5 26. fxe5 Bxe5 27. Kh1 Nd5 28. Qe4 Nf4 29. Bf2 Rad8 30. b4 Qb6 31. Rxc4 Qf6 32. Qxb7 Nxh3 33. Be3 Nf2+ 34. Bxf2 Qxf2 35. Qf3 Qh4+ 36. Bh3 Bxd4 37. Rcxd4 Re1+ 38. Kg2 Rc8 39. Rd7 Rc2+ 40. R1d2 Rxd2+ 41. Rxd2 Qe7 42. Rf2 Re3 43. Qf4 Qb7+ 44. Kh2 Qe7 45. Bg2 Re1 46. Bf1 Re4 47. Qg3 Rxb4 48. Be2 a5 49. Qf3 a4 50. Kg2 Qc7 51. Qd5 Qe7 52. Bc4 Rb7 53. Rxf7 1-0

[Event "Zuerich op-B 34th"]
[Site "Zuerich"]
[Date "2010.12.30"]
[Round "7"]
[White "Stegmaier, Walter"]
[Black "Torricelli, Arnold"]
[Result "0-1"]
[WhiteElo "1806"]
[BlackElo "1923"]
[PlyCount "106"]
[EventDate "2010.12.26"]
[EventType "swiss"]
[EventRounds "7"]
[EventCountry "SUI"]
[SourceTitle "CBM 140 Extra"]
[Source "ChessBase"]
[SourceDate "2011.03.01"]
[SourceVersion "1"]
[SourceVersionDate "2011.03.01"]
[SourceQuality "1"]

1. e4 g6 2. d4 d6 3. Nc3 Bg7 4. Bc4 Nf6 5. Nf3 0-0 6. h3 c6 7. Bb3 e6 8. 0-0 b5 9. e5 Nd5 10. Nxd5 cxd5 11. Bg5 Qc7 12. Bf4 dxe5 13. Bxe5 Qe7 14. Re1 Bb7 15. Bxg7 Kxg7 16. Qe2 a6 17. a4 b4 18. a5 Qd6 19. Qe5+ Qxe5 20. Nxe5 Nc6 21. Nd7 Rfd8 22. Nc5 Rab8 23. Red1 Bc8 24. f3 Ne7 25. Kf2 Rd6 26. Ba4 Nc6 27. Bxc6 Rxc6 28. Rd2 Rd6 29. f4 Bd7 30. Nxd7 Rxd7 31. Ke3 Rc7 32. Kd3 h5 33. g3 Kf6 34. Re2 Rg8 35. h4 Rgc8 36. Rc1 Rc4 37. c3 bxc3 38. Rxc3 Rxc3+ 39. bxc3 Rc4 40. Ra2 Kf5 41. Ra3 Kg4 42. Rb3 Rc7 43. Rb6 Ra7 44. c4 dxc4+ 45. Kxc4 Kxg3 46. d5 exd5+ 47. Kxd5 Kxh4 48. Kc6 Kg4 49. Rb1 Re7 50. Kb6 Re6+ 51. Kb7 h4 52. Rb6 h3 53. Rxa6 Rxa6 0-1

[Event "Zuerich Seniors op 08th"]
[Site "Zuerich"]
[Date "2010.01.28"]
[Round "4"]
[White "Torricelli, Arnold"]
[Black "Gordic, Mihailo"]
[Result "1/2-1/2"]
[WhiteElo "1496"]
[BlackElo "2091"]
[PlyCount "135"]
[EventDate "2010.01.25"]
[EventType "swiss"]
[EventRounds "9"]
[EventCountry "SUI"]
[SourceTitle "EXT 2022"]
[Source "ChessBase"]
[SourceDate "2021.10.06"]
[SourceVersion "1"]
[SourceVersionDate "2021.10.06"]
[SourceQuality "1"]

1. c4 e6 2. g3 d5 3. Bg2 Nf6 4. Nf3 Bd6 5. d4 c6 6. Nbd2 Nbd7 7. 0-0 0-0 8. b3 b6 9. Bb2 Ba6 10. Ne5 Rc8 11. a3 Bb7 12. e3 Qe7 13. Re1 c5 14. Nxd7 Nxd7 15. e4 dxe4 16. Nxe4 Bxe4 17. Rxe4 Nf6 18. Re1 cxd4 19. Qxd4 Rfd8 20. Qh4 a5 21. Bxf6 Qxf6 22. Qxf6 gxf6 23. Reb1 Be5 24. Ra2 Rd3 25. Bf1 Rc3 26. Rd2 Rc6 27. Bg2 Rd6 28. Rxd6 Bxd6 29. a4 Bc5 30. Bc6 Rc2 31. Rf1 f5 32. Kg2 Rb2 33. h3 Rxb3 34. g4 fxg4 35. hxg4 Rc3 36. Bb5 Kg7 37. f4 h6 38. Rf3 Rc2+ 39. Kg3 Rd2 40. Rf1 Bd6 41. Kf3 f5 42. Ke3 Rg2 43. gxf5 exf5 44. Rf3 Rg4 45. Rf1 h5 46. Rd1 Bxf4+ 47. Kf3 Be5 48. Rd7+ Kf6 49. Rh7 Kg5 50. Re7 Rf4+ 51. Ke3 Bd4+ 52. Ke2 Re4+ 53. Rxe4 fxe4 54. Be8 Kg4 55. Bc6 Kf4 56. Bd5 h4 57. Be6 Ke5 58. Bh3 Kd6 59. Bg2 e3 60. Kd3 Kc5 61. Bf3 Kb4 62. Kxd4 Kxa4 63. c5 bxc5+ 64. Kxc5 h3 65. Kd4 Kb3 66. Kxe3 h2 67. Kf2 a4 68. Kg2 1/2-1/2

[Event "Zuerich Seniors op 07th"]
[Site "Zuerich"]
[Date "2009.01.29"]
[Round "3"]
[White "Torricelli, Arnold"]
[Black "Capraro, Linus"]
[Result "1-0"]
[WhiteElo "1860"]
[BlackElo "1950"]
[PlyCount "103"]
[EventDate "2009.01.26"]
[EventType "swiss"]
[EventRounds "9"]
[EventCountry "SUI"]
[SourceTitle "EXT 2022"]
[Source "ChessBase"]
[SourceDate "2021.10.06"]
[SourceVersion "1"]
[SourceVersionDate "2021.10.06"]
[SourceQuality "1"]

1. c4 c5 2. Nc3 Nc6 3. g3 g6 4. Bg2 Bg7 5. Nf3 e6 6. 0-0 Nge7 7. d3 0-0 8. Rb1 b6 9. Ne4 d6 10. Bg5 f6 11. Bf4 e5 12. Bd2 Be6 13. Nc3 Qd7 14. Ne1 Rad8 15. Nc2 d5 16. cxd5 Nxd5 17. Ne3 Nxe3 18. Bxe3 Nd4 19. b3 Qf7 20. Qc1 Nf5 21. Bd2 Nd6 22. Ne4 Nxe4 23. dxe4 Rd4 24. Be3 Rd6 25. Rd1 Rfd8 26. Qc2 Qd7 27. Rxd6 Qxd6 28. h4 h5 29. Kh2 Bf8 30. Qc1 Qd7 31. f3 Kf7 32. Rb2 Qd1 33. Rc2 Qxc1 34. Rxc1 Ke8 35. Bh3 Bxh3 36. Kxh3 Rd6 37. Kg2 Kd7 38. f4 exf4 39. gxf4 Ke6 40. Kf3 Rc6 41. Rg1 Kf7 42. Rd1 Rd6 43. Rc1 Rd7 44. a4 Be7 45. f5 gxf5 46. exf5 Rd5 47. Bf4 Rxf5 48. e4 Rxf4+ 49. Kxf4 Bd6+ 50. Kf5 Bg3 51. Rd1 Ke7 52. Rg1 1-0

[Event "Zuerich Seniors op 07th"]
[Site "Zuerich"]
[Date "2009.??.??"]
[Round "?"]
[White "Torricelli, Arnold"]
[Black "Glur, Erwin"]
[Result "1-0"]
[WhiteElo "1964"]
[BlackElo "1886"]
[PlyCount "107"]
[EventDate "2009.01.26"]
[EventType "swiss"]
[EventRounds "9"]
[EventCountry "SUI"]
[SourceTitle "EXT 2022"]
[Source "ChessBase"]
[SourceDate "2021.10.06"]
[SourceVersion "1"]
[SourceVersionDate "2021.10.06"]
[SourceQuality "1"]

1. c4 c6 2. g3 d5 3. Bg2 Nf6 4. Nf3 e6 5. 0-0 Bd6 6. b3 Nbd7 7. Bb2 0-0 8. d3 Qc7 9. Nbd2 e5 10. cxd5 cxd5 11. Ne1 Nb6 12. Rc1 Qb8 13. h3 Be6 14. e4 d4 15. Nc4 Nxc4 16. bxc4 b6 17. Rb1 Qc7 18. Bc1 Qd7 19. Kh2 Qe7 20. f4 Bd7 21. Nf3 h6 22. f5 Kh7 23. g4 Rac8 24. Bd2 Rg8 25. Be1 g6 26. fxg6+ fxg6 27. Nh4 Rcf8 28. Rb2 Rg7 29. Bg3 Rgf7 30. Rbf2 b5 31. Qc1 bxc4 32. Qxc4 Rc8 33. Qxf7+ Qxf7 34. Rxf6 Qe8 35. Rxd6 g5 36. Nf3 Rc5 37. Nd2 Bb5 38. Nc4 Bxc4 39. dxc4 Rxc4 40. Rff6 Rc2 41. Rxh6+ Kg7 42. Rhe6 Qb5 43. Bxe5+ Kg8 44. Rg6+ Kf7 45. Rdf6+ Ke8 46. Bxd4 Qb8+ 47. e5 Qb4 48. Bf2 Qb2 49. Rg8+ Ke7 50. Rgf8 Qxe5+ 51. Bg3 Qd5 52. Bd6+ Kd7 53. R8f7+ Kc8 54. Rc7+ 1-0

[Event "Zuerich Seniors op 06th"]
[Site "Zuerich"]
[Date "2008.01.31"]
[Round "4"]
[White "Torricelli, Arnold"]
[Black "Bissig, Martin"]
[Result "1-0"]
[WhiteElo "1886"]
[BlackElo "1703"]
[PlyCount "107"]
[EventDate "2008.01.28"]
[EventType "swiss"]
[EventRounds "9"]
[EventCountry "SUI"]
[SourceTitle "EXT 2022"]
[Source "ChessBase"]
[SourceDate "2021.10.06"]
[SourceVersion "1"]
[SourceVersionDate "2021.10.06"]
[SourceQuality "1"]

1. c4 e5 2. Nc3 f5 3. g3 c6 4. Bg2 Nf6 5. a3 g6 6. d3 Bg7 7. Nf3 d6 8. 0-0 0-0 9. c5 e4 10. dxe4 fxe4 11. Ng5 d5 12. Qb3 Ng4 13. Ngxe4 Na6 14. h3 Ne5 15. Na4 Nc4 16. Nd2 Nxd2 17. Bxd2 Qe7 18. Be3 Be6 19. Qd1 Nc7 20. Bd4 Nb5 21. Bxg7 Qxg7 22. e3 Rad8 23. Qe2 Qh6 24. Kh2 Rf5 25. Rad1 Rdf8 26. g4 R5f7 27. Kg1 Qh4 28. f3 h5 29. Qe1 Qxe1 30. Rdxe1 hxg4 31. fxg4 d4 32. exd4 Rxf1+ 33. Bxf1 Nxd4 34. Bg2 Bc4 35. Nc3 Nb3 36. Re4 Nd2 37. Re3 Kg7 38. Ne4 Re8 39. Kf2 Nxe4+ 40. Rxe4 Rxe4 41. Bxe4 g5 42. Bf5 Bd5 43. Kg3 Kf6 44. h4 gxh4+ 45. Kxh4 b6 46. cxb6 axb6 47. Bc2 c5 48. Kh5 Kg7 49. Kg5 Be6 50. Kf4 Bc8 51. g5 b5 52. Ke5 b4 53. Kd5 bxa3 54. bxa3 1-0

[Event "Liechtenstein op 25th"]
[Site "Triesen"]
[Date "2007.05.11"]
[Round "1"]
[White "Torricelli, Arnold"]
[Black "Foisor, Sabina Francesca"]
[Result "0-1"]
[WhiteElo "1958"]
[BlackElo "2333"]
[PlyCount "78"]
[EventDate "2007.05.11"]
[EventType "swiss"]
[EventRounds "9"]
[EventCountry "LIE"]
[SourceTitle "CBM 118 Extra"]
[Source "ChessBase"]
[SourceDate "2007.07.04"]
[SourceVersion "1"]
[SourceVersionDate "2007.07.04"]
[SourceQuality "1"]

1. c4 g6 2. g3 Bg7 3. Bg2 c5 4. Nc3 e6 5. Nf3 Nc6 6. d3 Nge7 7. 0-0 0-0 8. Bg5 h6 9. Bxe7 Qxe7 10. Rb1 b6 11. Ne1 Bb7 12. Nc2 d6 13. e3 Ne5 14. Bxb7 Qxb7 15. f4 Nd7 16. Rf2 f5 17. Nb5 a6 18. Nc3 b5 19. h3 d5 20. Qf3 bxc4 21. d4 Qa7 22. Nxd5 exd5 23. Qxd5+ Kh7 24. Qxc4 Nf6 25. Rg2 cxd4 26. Nxd4 Rfe8 27. Re1 Rac8 28. Qb3 Qxd4 29. exd4 Rxe1+ 30. Kh2 Rcc1 31. Rc2 Rh1+ 32. Kg2 Rcg1+ 33. Kf3 Ne4 34. Rg2 Rf1+ 35. Ke2 Re1+ 36. Kd3 Rd1+ 37. Kc2 Rc1+ 38. Kd3 Rhd1+ 39. Ke2 Rd2+ 0-1

[Event "SUI-ch HT1"]
[Site "Lenzerheide"]
[Date "2006.07.14"]
[Round "2"]
[White "Muheim, Lukas"]
[Black "Torricelli, Arnold"]
[Result "1-0"]
[WhiteElo "2223"]
[BlackElo "1981"]
[PlyCount "45"]
[EventDate "2006.07.13"]
[EventType "swiss"]
[EventRounds "7"]
[EventCountry "SUI"]
[SourceTitle "CBM 113 Extra"]
[Source "ChessBase"]
[SourceDate "2006.09.14"]
[SourceVersion "1"]
[SourceVersionDate "2006.09.14"]
[SourceQuality "1"]

1. e4 g6 2. d4 Bg7 3. Nc3 d6 4. Be3 Nf6 5. Qd2 c6 6. f3 b5 7. Bd3 Nbd7 8. Nge2 a6 9. 0-0 0-0 10. Bh6 c5 11. Bxg7 Kxg7 12. dxc5 dxc5 13. Ng3 Ne5 14. Qe3 Qc7 15. Be2 Be6 16. f4 Nc4 17. Qc1 Nb6 18. f5 Bc4 19. fxg6 hxg6 20. Qg5 Rh8 21. e5 Nfd5 22. Bxc4 Nxc4 23. Nxd5 1-0

[Event "Liechtenstein op 22nd"]
[Site "Triesen"]
[Date "2004.05.18"]
[Round "5"]
[White "Torricelli, Arnold"]
[Black "Bleis, Christian"]
[Result "0-1"]
[WhiteElo "2015"]
[BlackElo "2263"]
[PlyCount "90"]
[EventDate "2004.05.14"]
[EventType "swiss"]
[EventRounds "9"]
[EventCountry "LIE"]
[SourceTitle "CBM 100 Extra"]
[Source "ChessBase"]
[SourceDate "2004.07.06"]
[SourceVersion "2"]
[SourceVersionDate "2004.07.06"]
[SourceQuality "1"]

1. c4 f5 2. g3 Nf6 3. Bg2 e6 4. Nc3 Be7 5. Nf3 0-0 6. 0-0 d6 7. d3 Qe8 8. Qb3 Kh8 9. d4 Bd8 10. Nd2 Nc6 11. e3 e5 12. dxe5 dxe5 13. Nd5 e4 14. Nb1 Ng4 15. Qa3 Nce5 16. Nd2 c6 17. Nf4 g5 18. Ne2 Be7 19. b4 Nxh2 20. Kxh2 Qh5+ 21. Kg1 Qxe2 22. Bb2 Qxd2 23. Bxe5+ Kg8 24. Rab1 a5 25. Bc3 Qe2 26. Qb3 a4 27. Qb2 Qxc4 28. Rfc1 a3 29. Qa1 Qf7 30. Bf1 Be6 31. Rc2 b5 32. Be2 f4 33. Bh8 f3 34. Bf1 Bd5 35. Qd4 Bf6 36. Bxf6 Qxf6 37. Rd1 Qxd4 38. Rxd4 Rf5 39. Rcd2 Rb8 40. Rc2 g4 41. Rc5 Kf7 42. Rd2 Rh5 43. Rd4 Re8 44. Bxb5 Re6 45. Bxc6 Rxc6 0-1

[Event "Liechtenstein op 22nd"]
[Site "Triesen"]
[Date "2004.05.17"]
[Round "4"]
[White "Ballon, Guenther Jan"]
[Black "Torricelli, Arnold"]
[Result "1/2-1/2"]
[WhiteElo "2178"]
[BlackElo "2015"]
[PlyCount "53"]
[EventDate "2004.05.14"]
[EventType "swiss"]
[EventRounds "9"]
[EventCountry "LIE"]
[SourceTitle "CBM 100 Extra"]
[Source "ChessBase"]
[SourceDate "2004.07.06"]
[SourceVersion "2"]
[SourceVersionDate "2004.07.06"]
[SourceQuality "1"]

1. d4 g6 2. c4 Bg7 3. Nc3 Nf6 4. e4 d6 5. f3 a6 6. Bg5 c6 7. d5 Qa5 8. Qd2 b5 9. dxc6 bxc4 10. Bxc4 Nxc6 11. Nge2 0-0 12. Nd5 Qxd2+ 13. Kxd2 Rb8 14. Rab1 h6 15. Be3 Nd7 16. b3 e6 17. Ndf4 Nde5 18. Rhc1 Rd8 19. Bd3 Nb4 20. a3 Nbxd3 21. Nxd3 Nxd3 22. Kxd3 d5 23. Bc5 dxe4+ 24. Kxe4 Bb7+ 25. Ke3 h5 26. Rd1 Bc6 27. Rxd8+ 1/2-1/2

[Event "SUI-ch 103rd"]
[Site "Silvaplana"]
[Date "2003.07.12"]
[Round "3"]
[White "Raeber, Markus"]
[Black "Torricelli, Arnold"]
[Result "1-0"]
[WhiteElo "2213"]
[BlackElo "2028"]
[PlyCount "45"]
[EventDate "2003.07.10"]
[EventType "swiss"]
[EventRounds "9"]
[EventCountry "SUI"]
[SourceTitle "CBM 095 Extra"]
[Source "ChessBase"]
[SourceDate "2003.09.04"]
[SourceVersion "1"]
[SourceVersionDate "2003.09.04"]
[SourceQuality "1"]

1. e4 g6 2. d4 Bg7 3. Nc3 d6 4. Be3 Nf6 5. f3 c6 6. Qd2 Nbd7 7. Nh3 b5 8. Nf2 a6 9. Be2 e5 10. 0-0 0-0 11. dxe5 dxe5 12. Rad1 Re8 13. Ng4 Re6 14. Nh6+ Bxh6 15. Bxh6 Qc7 16. a4 Bb7 17. Qe3 Nf8 18. Rd2 Re7 19. Bg5 Kg7 20. f4 exf4 21. Qxf4 Nxe4 22. Bxe7 Nxd2 23. Bf6+ 1-0

[Event "Liechtenstein op 21st"]
[Site "Vaduz"]
[Date "2003.05.25"]
[Round "3"]
[White "Bezler, Rainer"]
[Black "Torricelli, Arnold"]
[Result "1-0"]
[WhiteElo "2253"]
[BlackElo "2042"]
[PlyCount "63"]
[EventDate "2003.05.23"]
[EventType "swiss"]
[EventRounds "5"]
[EventCountry "LIE"]
[SourceTitle "CBM 094 Extra"]
[Source "ChessBase"]
[SourceDate "2003.07.09"]
[SourceVersion "2"]
[SourceVersionDate "2003.07.09"]
[SourceQuality "1"]

1. d4 g6 2. Nf3 Bg7 3. c4 Nf6 4. Nc3 0-0 5. e4 d6 6. Be2 Nc6 7. 0-0 e5 8. d5 Ne7 9. Ne1 Nd7 10. Be3 f5 11. f3 Nf6 12. c5 f4 13. Bf2 g5 14. Rc1 Ng6 15. cxd6 cxd6 16. Nb5 Rf7 17. Nxa7 Bd7 18. Qc2 Qa5 19. Qc7 Rxa7 20. Qb8+ Bf8 21. Qxa7 Qd8 22. Qb6 Qe8 23. Rc7 g4 24. Kh1 g3 25. Bg1 Nh5 26. Rxb7 Nh4 27. Rb8 Qe7 28. Qd8 gxh2 29. Bxh2 Qxd8 30. Rxd8 Rg7 31. b3 Nxg2 32. Rxd7 1-0

[Event "SUI-ch op"]
[Site "Leukerbad"]
[Date "2002.07.17"]
[Round "7"]
[White "Preziuso, Toni"]
[Black "Torricelli, Arnold"]
[Result "0-1"]
[WhiteElo "2149"]
[BlackElo "2058"]
[PlyCount "71"]
[EventDate "2002.07.11"]
[EventType "swiss"]
[EventRounds "9"]
[EventCountry "SUI"]
[SourceTitle "CBM 089 Extra"]
[Source "ChessBase"]
[SourceDate "2002.09.10"]
[SourceVersion "2"]
[SourceVersionDate "2002.09.10"]
[SourceQuality "1"]

1. e4 g6 2. Nc3 Bg7 3. d4 d6 4. Bg5 c6 5. Qd2 Nf6 6. f4 Qa5 7. Nf3 Nbd7 8. 0-0-0 b5 9. Qe1 b4 10. Nb1 Qxa2 11. e5 Nd5 12. exd6 e6 13. Ne5 Nxe5 14. fxe5 a5 15. b3 Ba6 16. Bxa6 Rxa6 17. Qf1 Ra7 18. Qc4 0-0 19. Qxc6 a4 20. bxa4 b3 21. cxb3 Qxb3 22. Qc2 Qb4 23. Rd3 Rxa4 24. Bd2 Qb5 25. Kd1 Qa6 26. Qb3 Qa7 27. Qb2 Ra2 28. Qc1 Rb8 29. Ra3 Rxa3 30. Nxa3 Qxd4 31. d7 Qa4+ 32. Ke1 Qxd7 33. Rf1 Bxe5 34. Nc4 Bg7 35. Bh6 Bxh6 36. Ne5 0-1

[Event "SUI-ch"]
[Site "Scuol"]
[Date "2001.07.16"]
[Round "5"]
[White "Tesar, Peter"]
[Black "Torricelli, Arnold"]
[Result "0-1"]
[WhiteElo "2109"]
[BlackElo "2013"]
[PlyCount "42"]
[EventDate "2001.07.12"]
[EventType "swiss"]
[EventRounds "9"]
[EventCountry "SUI"]
[SourceTitle "CBM 083 Extra"]
[Source "ChessBase"]
[SourceDate "2001.09.11"]
[SourceVersion "1"]
[SourceVersionDate "2001.09.11"]
[SourceQuality "1"]

1. c4 Nf6 2. g3 g6 3. Bg2 Bg7 4. Nc3 0-0 5. Nf3 d5 6. cxd5 Nxd5 7. 0-0 Nc6 8. a3 Nb6 9. d3 Bg4 10. h3 Bf5 11. Be3 e5 12. Bc5 Re8 13. Nd2 Qd7 14. Kh2 Rad8 15. Rc1 Nd4 16. b4 c6 17. Nde4 Nc8 18. e3 Ne6 19. b5 cxb5 20. Qb3 b6 21. Nxb5 Nxc5 0-1

[Event "Baden Casino op 5th"]
[Site "Baden"]
[Date "2000.??.??"]
[Round "4"]
[White "Torricelli, Arnold"]
[Black "Peredy, Ferenc"]
[Result "1/2-1/2"]
[WhiteElo "2039"]
[BlackElo "2374"]
[PlyCount "50"]
[EventDate "2000.04.??"]
[EventType "swiss"]
[EventRounds "9"]
[EventCountry "SUI"]
[SourceTitle "EXT 2001"]
[Source "ChessBase"]
[SourceDate "2000.11.22"]
[SourceVersion "1"]
[SourceVersionDate "2000.11.22"]
[SourceQuality "1"]

1. c4 b6 2. Nf3 Bb7 3. g3 e6 4. Bg2 f5 5. 0-0 Nf6 6. Nc3 g6 7. d4 Bg7 8. d5 exd5 9. cxd5 0-0 10. Nd4 Na6 11. Ndb5 Nc5 12. Bf4 d6 13. Rc1 a5 14. Rc2 Re8 15. Bg5 h6 16. Bxf6 Bxf6 17. Re1 Qd7 18. Nd4 Bxd4 19. Qxd4 Qg7 20. Qd1 Re5 21. Rd2 Ba6 22. Rd4 Rae8 23. e3 Kh7 24. Qc2 Qf6 25. Red1 Kg7 1/2-1/2

[Event "SUI-ch"]
[Site "Graechen"]
[Date "1999.??.??"]
[Round "1"]
[White "Illi, Hans Joerg"]
[Black "Torricelli, Arnold"]
[Result "1-0"]
[WhiteElo "2250"]
[BlackElo "1885"]
[PlyCount "80"]
[EventDate "1999.07.??"]
[EventType "swiss"]
[EventRounds "9"]
[EventCountry "SUI"]
[SourceTitle "EXT 2002"]
[Source "ChessBase"]
[SourceDate "2001.11.25"]
[SourceVersion "1"]
[SourceVersionDate "2001.11.25"]
[SourceQuality "1"]

1. d4 g6 2. c4 Bg7 3. Nc3 d6 4. e4 Nc6 5. d5 Nd4 6. Be3 c5 7. Nge2 Qb6 8. Rb1 Nh6 9. b4 Nxe2 10. Nxe2 Ng4 11. bxc5 Nxe3 12. fxe3 Qxc5 13. Nd4 0-0 14. Be2 Qa5+ 15. Qd2 Qxd2+ 16. Kxd2 b6 17. h4 h5 18. Rbg1 Kh7 19. g4 hxg4 20. Bxg4 Bxg4 21. Rxg4 Bxd4 22. exd4 Kg7 23. e5 Rh8 24. Rh3 Rac8 25. Kd3 Rh5 26. Re3 Rc7 27. Ree4 Rf5 28. Ref4 Rh5 29. Re4 Rf5 30. Rgf4 Rh5 31. Re2 Kg8 32. exd6 exd6 33. Re8+ Kh7 34. Rd8 g5 35. hxg5 Rxg5 36. Rxd6 Rg3+ 37. Ke4 Rg6 38. Rxg6 Kxg6 39. d6 Rd7 40. Kd5 Kg5 1-0

[Event "Nagler Memorial op"]
[Site "Zuerich"]
[Date "1998.08.09"]
[Round "2"]
[White "Torricelli, Arnold"]
[Black "Cladouras, Panagiotis"]
[Result "0-1"]
[WhiteElo "2012"]
[BlackElo "2360"]
[PlyCount "50"]
[EventDate "1998.08.08"]
[EventType "swiss"]
[EventRounds "9"]
[EventCountry "SUI"]
[SourceTitle "EXT 2006"]
[Source "ChessBase"]
[SourceDate "2005.11.24"]
[SourceVersion "1"]
[SourceVersionDate "2005.11.24"]
[SourceQuality "1"]

1. c4 e5 2. Nc3 Nf6 3. g3 Bb4 4. Bg2 0-0 5. Nf3 Bxc3 6. bxc3 d6 7. 0-0 Nc6 8. Rb1 Rb8 9. d3 h6 10. Nd2 Bd7 11. Ba3 b6 12. e3 Ne7 13. d4 c5 14. Qe2 Re8 15. e4 Ng6 16. d5 Qc8 17. Bc1 Nh7 18. h4 Qa6 19. Rb2 Ne7 20. f4 exf4 21. gxf4 Nxd5 22. Qd3 Ndf6 23. Qxd6 Rbd8 24. e5 Ba4 25. Qc7 Rd7 0-1

[Event "Baden Casino op 3rd"]
[Site "Baden"]
[Date "1998.??.??"]
[Round "2"]
[White "Pikula, Dejan"]
[Black "Torricelli, Arnold"]
[Result "1-0"]
[WhiteElo "2440"]
[BlackElo "2095"]
[PlyCount "59"]
[EventDate "1998.04.10"]
[EventType "swiss"]
[EventRounds "9"]
[EventCountry "SUI"]
[SourceTitle "CBM 064 Extra"]
[Source "ChessBase"]
[SourceDate "1998.07.07"]
[SourceVersion "1"]
[SourceVersionDate "1998.07.07"]
[SourceQuality "1"]

1. e4 g6 2. d4 Bg7 3. Nc3 Nc6 4. Be3 d6 5. Qd2 e5 6. d5 Nd4 7. Nge2 Nxe2 8. Bxe2 Ne7 9. 0-0-0 Bd7 10. g4 Qc8 11. Rdg1 b5 12. Bxb5 Bxb5 13. Nxb5 a6 14. Na3 Qb7 15. Nc4 0-0 16. h4 Qb5 17. b3 Nc8 18. a4 Qd7 19. h5 Rb8 20. Na5 Rb6 21. Rg3 Na7 22. Nc4 Rfb8 23. Nxb6 cxb6 24. hxg6 fxg6 25. f3 a5 26. Rgh3 b5 27. Qxa5 Nc8 28. Rxh7 bxa4 29. Qxa4 Qf7 30. Qc6 1-0

[Event "Zuerich op-B 21th"]
[Site "Zuerich"]
[Date "1997.??.??"]
[Round "?"]
[White "Maeser, Fabian"]
[Black "Torricelli, Arnold"]
[Result "1-0"]
[WhiteElo "2315"]
[BlackElo "2130"]
[PlyCount "55"]
[EventDate "1997.12.26"]
[EventType "swiss"]
[EventRounds "6"]
[EventCountry "SUI"]
[SourceTitle "CBM 062 Extra"]
[Source "ChessBase"]
[SourceDate "1998.03.09"]
[SourceVersion "1"]
[SourceVersionDate "1998.03.09"]
[SourceQuality "1"]

1. d4 g6 2. Nf3 Bg7 3. c3 Nf6 4. Bg5 0-0 5. Nbd2 d5 6. e3 c6 7. Be2 Bg4 8. 0-0 Nbd7 9. h3 Bxf3 10. Nxf3 h6 11. Bf4 Ne4 12. c4 e6 13. Qc2 g5 14. Bh2 f5 15. Nd2 Ndf6 16. Nxe4 Nxe4 17. Bd3 Qd7 18. Rad1 Rf7 19. cxd5 cxd5 20. Rc1 Raf8 21. Rfd1 Nd6 22. Bxd6 Qxd6 23. Qc5 Qb8 24. Rc2 Re8 25. Rdc1 Bf8 26. Qb5 Bd6 27. Be2 Qd8 28. Bh5 1-0

[Event "Arosa SKA op"]
[Site "Arosa"]
[Date "1996.07.17"]
[Round "7"]
[White "Low, Steven"]
[Black "Torricelli, Arnold"]
[Result "0-1"]
[WhiteElo "1850"]
[BlackElo "1910"]
[PlyCount "50"]
[EventDate "1996.07.11"]
[EventType "swiss"]
[EventRounds "9"]
[EventCountry "SUI"]
[SourceTitle "EXT 2006"]
[Source "ChessBase"]
[SourceDate "2005.11.24"]
[SourceVersion "1"]
[SourceVersionDate "2005.11.24"]
[SourceQuality "1"]

1. d4 Nf6 2. c4 g6 3. Nc3 Bg7 4. Bf4 d6 5. Nf3 0-0 6. h3 c6 7. e3 Qa5 8. Bd3 Nbd7 9. 0-0 Re8 10. Qc2 e5 11. Bh2 Nh5 12. a3 Nf8 13. b4 Qd8 14. Rad1 Qc7 15. c5 d5 16. dxe5 Be6 17. g4 Qd7 18. Ne1 Bxg4 19. hxg4 Qxg4+ 20. Ng2 Bxe5 21. Bxe5 Rxe5 22. f3 Qh3 23. Nf4 Rg5+ 24. Kf2 Nxf4 25. Rg1 Qh2+ 0-1